| 000 | 00312nam a2200109Ia 4500 | ||
|---|---|---|---|
| 008 | 230907s9999||||xx |||||||||||||| ||und|| | ||
| 082 |
_a621.2 _bDOR |
||
| 100 |
_aDörfler, Peter _9115454 |
||
| 245 | 0 | _aFlow-induced pulsation and vibration in hydroelectric machinery : | |
| 300 | _axxiv, 242 pages : | ||
| 942 | _cBK | ||
| 999 |
_c598432 _d598432 |
||